002340000a220007300045001000018000002450068000183000058000867730016001441 aTuriano, Mark10aThe virtues of free speech : The connection to human excellence aVol. 46, Num. 9 (Septiembre, 1996), Páginas 621-6230 tThe Freeman